=LDR 00000nam 2200000 4500 =001 INLIS000000000026291 =005 20200602103724 =035 ##$$a 0010-061300000026291 =008 200602################g##########0#ind## =041 ##$$a Ind =082 ##$$a 2x4.6 =090 ##$$a 2x4.6, Gha p =100 1#$$a Ghazali, Imam =245 1#$$a Pedoman ahli ibadat, /$c Imam Ghazali =260 ##$$a Surabaya :$b Al-Ikhlas =300 ##$$a 160 hlm, ; $c 14 x 21 cm =650 #4$$a Ibadah =850 ##$$a NBPNMAT =084 ##$$a 2x4.6 GHA p =990 ##$$a 00052910